01468cam a2200349 a 4500001001400000003000800014005001700022006001900039007001500058008004100073020003800114040003000152049002600182050002400208082001700232100002100249245008500270260002700355300004200382504005100424520029000475521001700765588004700782650002800829650004000857655002900897710001600926776003500942856010600977942001601083999001901099EDZ0000072009StDuBDS20161031105159.0m||||||||d||||||||cr |||||||||||120412s2006 enka fo| 001|0|eng d a9781446214657 (ebook) :cNo price aStDuBDSbengcStDuBDSepn aAlfaisal Main Library 0aLB2805b.C2344 200604a371.20112231 aCaldwell, Brian.10aRe-imagining educational leadershiph[electronic resource] /cBrian J. Caldwell. aLondon :bSAGE,c2006. a1 online resource (x, 214 p.) :bill. aIncludes bibliographical references and index.8 aBrian Caldwell describes how leadership is changing the world of education on a scale that can best be described as transformation. Such leadership differs in important ways from what has been expected in the past, it requires a change in role at all levels, and shifts in the balance. aSpecialized. aDescription based on print version record. 0aEducational leadership. 0aSchool management and organization. 7aElectronic books.2local2 aSage eBooks08iPrint version :z978141293470140uhttp://ezproxy.alfaisal.edu/login?url=http://sk.sagepub.com/books/re-imagining-educational-leadership 2lcccEBOOKS c481071d481071